ბათუმის შოთა რუსთაველის სახელმწიფო უნივერსიტეტის ბიბლიოთეკა

ეკონომიკის თეორიული საფუძვლები : (ბიბ.ჩანაწერი № 38347)

000 -ლიდერი
ფიქსირებული სიგრძის საკონტროლო ველი 01142nam a2200229Ia 4500
001 - საკონტროლო ნომერი
საკონტროლო ველი 4357
003 - საკონტროლო ნომრის იდენტიფიკატორი
საკონტროლო ველი GE_BSU
005 - ბოლო ოპერაციის თარიღი და დრო
საკონტროლო ველი 20191011164712.0
008 - ფიქსირებული სიგრძის მონაცემთა ელემენტები - ზოგადი ინფორმაცია
ფიქსირებული სიგრძის საკონტროლო ველი 181216s2000||||ge |||||||||||||| ||geo||
020 ## - წიგნის საერთაშორისო სტანდარტული ნომერი
International Standard Book Number 9992849455
040 ## - კატალოგიზაციის წყარო
Transcribing agency GE_BSU
041 ## - ენის კოდი
Language code of text/sound track or separate title geo
080 ## - უნივერსალური ათობითი კლასიფიკაციის ინდექსი
Universal Decimal Classification number 330.101(075.8) ლ–85
100 ## - მთავარი ჩანაწერი - პიროვნების სახელი
Personal name ლორთქიფანიძე, რევაზ
9 (RLIN) 3150
245 ## - ცნობა სათაურის შესახებ
Title ეკონომიკის თეორიული საფუძვლები :
Remainder of title დამხმ. სახელმძღვ. ეკონომიკსისა და საერთ. ეკონ. ურთიერთობათა დისციპლინებში /
Statement of responsibility, etc რევაზ ლორთქიფანიძე; რედ. თამარ აბულაძე.
264 ## - წარმოების, გამოცემის, დისტრიბუციის და სხვა ცნობები
გამოცემის, წარმოების, დისტრიბუციის... ადგილი ბათუმი :
გამოცემის, წარმოების, დისტრიბუციის... სახელწოდება გამ–ბა იურიდიული ლიტ–რა,
გამოცემის, წარმოების, დისტრიბუციის... თარიღი 2000.
300 ## - ფიზიკური აღწერა
Extent 54 გვ. ;
Other physical details 20 სმ.
653 ## - INDEX TERM--UNCONTROLLED
Uncontrolled term ეკონომიკსი;
653 ## - INDEX TERM--UNCONTROLLED
Uncontrolled term ეკონომიკის თეორია;
700 ## - ADDED ENTRY--PERSONAL NAME
Personal name აბულაძე, თ.
Relator term რედაქტორი
9 (RLIN) 3718
942 ## - ADDED ENTRY ELEMENTS (KOHA)
Koha item type წიგნი
Source of classification or shelving scheme
ეგზემპლარები
ჩამოწერის სტატუსი დაკარგული ეგზემპლარის სტატუსი კლასიფიკაციის წყარო ან თაროზე გაწყობის სქემა დაზიანების სტატუსი არ გაიცემა მუდმივი მდებარეობა (დაცვის ადგილი) ამჟამინდელი ადგილსამყოფელი თაროზე განთავსების ადგილი შეძენის თარიღი ღირებულება, შესყიდვის ნორმალური ფასი სრული შენახვის შიფრი შტრიხკოდი ბოლო ოპერაციის თარიღი ეგზემპლარის მიმდევრობითი ნომერი (კეტერი?) ფასის ძალაში შესვლის თარიღი ეგზემპლარის სახეობა საჯარო შენიშვნა
          ბათუმის შოთა რუსთაველის სახელმწიფო უნივერსიტეტის მთავარი ბიბლიოთეკა ბათუმის შოთა რუსთაველის სახელმწიფო უნივერსიტეტის მთავარი ბიბლიოთეკა წიგნსაცავი 2018-12-17 1.00 330.101(075.8) ლ–85 6005 2018-12-17 6005 2018-12-17 წიგნი 1 ლ.
          ბათუმის შოთა რუსთაველის სახელმწიფო უნივერსიტეტის მთავარი ბიბლიოთეკა ბათუმის შოთა რუსთაველის სახელმწიფო უნივერსიტეტის მთავარი ბიბლიოთეკა წიგნსაცავი 2025-10-31 2.00 330.101(075.8) ლ–85 72882 2025-10-31 72882 2025-10-31 წიგნი 2 ლ.
          ბათუმის შოთა რუსთაველის სახელმწიფო უნივერსიტეტის მთავარი ბიბლიოთეკა ბათუმის შოთა რუსთაველის სახელმწიფო უნივერსიტეტის მთავარი ბიბლიოთეკა წიგნსაცავი 2025-10-31 2.00 330.101(075.8) ლ–85 72883 2025-10-31 72883 2025-10-31 წიგნი 2 ლ.